The Story of the Westinghouse Time Capsule. (Record no. 52758)

MARC details
000 -LEADER
fixed length control field 00948cam a2200265 a 4500
001 - CONTROL NUMBER
control field s 41000026
003 - CONTROL NUMBER IDENTIFIER
control field DLC
005 - DATE AND TIME OF LATEST TRANSACTION
control field 20260227111912.0
008 - FIXED-LENGTH DATA ELEMENTS--GENERAL INFORMATION
fixed length control field 870220s1939 paua 000 0 eng
010 ## - LIBRARY OF CONGRESS CONTROL NUMBER
LC control number s 41000026 //r963
040 ## - CATALOGING SOURCE
Original cataloging agency DLC
Transcribing agency DLC
Modifying agency DLC
043 ## - GEOGRAPHIC AREA CODE
Geographic area code n-us-ny
050 00 - LIBRARY OF CONGRESS CALL NUMBER
Classification number F128.39
Item number .S76 1939
245 04 - TITLE STATEMENT
Title The Story of the Westinghouse Time Capsule.
260 0# - PUBLICATION, DISTRIBUTION, ETC.
Place of publication, distribution, etc. East Pittsburgh, Pa. :
Name of publisher, distributor, etc. Westinghouse Electric & Manufacturing Co.,
Date of publication, distribution, etc. [1939]
300 ## - PHYSICAL DESCRIPTION
Extent [38] p. :
Other physical details ill. ;
Dimensions 21 cm.
500 ## - GENERAL NOTE
General note Cover title: The story of the Time Capsule.
650 #0 - SUBJECT ADDED ENTRY--TOPICAL TERM
Topical term or geographic name entry element Time capsules
Geographic subdivision New York (State)
-- New York.
651 #0 - SUBJECT ADDED ENTRY--GEOGRAPHIC NAME
Geographic name New York (N.Y.)
General subdivision Antiquities.
651 #0 - SUBJECT ADDED ENTRY--GEOGRAPHIC NAME
Geographic name New York (State)
General subdivision Antiquities.
610 20 - SUBJECT ADDED ENTRY--CORPORATE NAME
Corporate name or jurisdiction name as entry element Westinghouse Electric & Manufacturing Company.
710 20 - ADDED ENTRY--CORPORATE NAME
Corporate name or jurisdiction name as entry element Westinghouse Electric & Manufacturing Company.
710 21 - ADDED ENTRY--CORPORATE NAME
Corporate name or jurisdiction name as entry element Frederic W. Goudy Collection (Library of Congress)
Institution to which field applies DLC
740 01 - ADDED ENTRY--UNCONTROLLED RELATED/ANALYTICAL TITLE
Uncontrolled related/analytical title Story of the Time Capsule.

No items available.

Powered by Koha